000 01101nam a2200265Ia 4500
003 OSt
005 20221005105746.0
006 a|||||r|||| 00| 0
007 ta
008 221004b |||||||| |||| 00| 0 hin d
020 _a9788183095870 (hbk)
_c500
024 _a13220
037 _b1155, 21/03/2014, Anamika Publishers & Distributors Pvt. Ltd.
_cTextual
040 _aCRL
_cCRL
_bhin
041 _2hin
_ahin
082 _aV2y7M69:g, 152Q1
100 _aतिवारी, विवेकानंद
245 0 _aअछूत मतवाद के सच
_b गांधी अंबेडकर
246 _aAchhūt matavād ke sacha: gāandhī aanbeḍakara
260 _aनई दिल्ली
_bसस्ता साहित्य मण्डल प्रकाशन भारत
_c2011
300 _a447पृ0
_ccm.
650 _aविश्व-इतिहास
942 _hV2y7M69:g, 152Q1
_cTEXL
_2cc
999 _c1016818
_d1016818